| 000 | 01533nab a2200229 i 4500 | ||
|---|---|---|---|
| 001 | 768714001 | ||
| 003 | CO-MdFUSB | ||
| 005 | 20240607123906.0 | ||
| 008 | 240607t1980 ag ||||| |||| 00| 0 spa d | ||
| 040 |
_bspa _cCO-MdFUSB _dCO-MdFUSB |
||
| 041 | _aspa | ||
| 100 |
_aReese, Boyd, _eautor |
||
| 245 |
_aRedimir las profesiones, ¿imposible? _c/ Boyd Reese |
||
| 520 | _aDesde el comienzo de la Revolución Industrial la especialización ha ido en aumento. Cada vez más áreas de la división del trabajo se convierten en profesiones. ¿Qué significa el que una ocupación se transforme en profesión? Los profesionales poseen aptitudes específicas; tienen una contribución que hacer a la sociedad que sólo ellos pueden realizar; ningún otro grupo está capacitado de la misma forma. Dado que la sociedad en general no posee tales aptitudes, no está en condiciones de evaluar cómo las ejercen las profesionales. Por lo tanto, las profesiones se rigen y se controlan por sí mismas. Y así debe ser; deben ser independientes en sus esferas de competencia. El problema que esto presenta para el cristiano es el tema principal del presente artículo. | ||
| 650 | 7 |
_aVocación _9312 |
|
| 650 | 7 |
_aÉtica social. _9186 |
|
| 650 | 7 |
_aÉtica antropológica _97278 |
|
| 650 | 7 |
_aCristianismo _922 |
|
| 773 | 0 |
_069974 _982719 _dBuenos Aires _oR2611 _tCerteza _w(CO-MdFUSB)768714001 _gNúmero 78, (julio - septiembre, 1980) páginas: 172 - 175 _qpágina: 172 |
|
| 942 | _cANA | ||
| 945 | _aCatherine Arias Álvarez - Practicante SENA | ||
| 999 |
_c70100 _d70100 |
||